000 00687nam a22001937a 4500
003 OSt
005 20240926091648.0
008 130908s 2014ua a g |||| 00| 0 ara d
020 _a9789776335006
040 _aMA-UN
082 _221
_a 658. 802
_bع ط ت
100 _aعبد الحميد، طلعت أسعد
_921
245 _aالتسويق الفعال :
_bكيف تواجه تحديات القرن 21 ؟ /
_cطلعت أسعد عبد الحميد.
250 _aط. 19
260 _aالجيزه ، مصر :
_bتنوير للترجمة والنشر والتوزيع ؛
_c2014 .
300 _a576 ص ؛
_c24 سم .
650 _aالتسويق
_bقرن 21
_936880
942 _2ddc
_cBOOK
999 _c30670
_d265170